000
00249nam a22001097a 4500
082
_a
684.08 HAI'W
100
_a
HAINES, RAY E
_9
58168
245
_a
THE WOOD TURNING LATHE
260
_a
NEWYORK
_b
D. VAN NOSTRAND
_c
1952
300
_a
132P
942
_c
BK
999
_c
568378
_d
568378